Rapid evidence review of the research literature on the impact of worsening affordability (Record no. 108426)
[ view plain ]
| 000 -LEADER | |
|---|---|
| fixed length control field | 02062cad a22003255a 4500 |
| 001 - CONTROL NUMBER | |
| control field | L144247 |
| 008 - FIXED-LENGTH DATA ELEMENTS--GENERAL INFORMATION | |
| fixed length control field | 080707e20080702xxk f ns f000 0 eng d |
| 035 ## - SYSTEM CONTROL NUMBER | |
| System control number | (Sirsi) u144247 |
| 041 0# - LANGUAGE CODE | |
| Language code of text/sound track or separate title | eng |
| 050 04 - LIBRARY OF CONGRESS CALL NUMBER | |
| Classification number | 333.33 $2 18 |
| 100 1# - MAIN ENTRY--PERSONAL NAME | |
| Personal name | Whitehead, Christine |
| 245 00 - TITLE STATEMENT | |
| Title | Rapid evidence review of the research literature on the impact of worsening affordability |
| Medium | [electronic resource] |
| 260 ## - PUBLICATION, DISTRIBUTION, ETC. | |
| -- | areham |
| Name of publisher, distributor, etc. | NHPAU |
| Date of publication, distribution, etc. | 2008 |
| 505 2# - FORMATTED CONTENTS NOTE | |
| Formatted contents note | A framework for the review -- What effect does worsening market housing affordability have on the demand for housing in the private rental sector? -- What effect does worsening market housing affordability have on the demand for social housing? -- How does worsening housing affordability affect household formation, and what are the effects of these changes on the distribution between tenures? -- Are there any regional variations in the effect of worsening housing market affordability on the demand for social housing? -- What are the effects of construction rates on the supply of affordable housing through S106 agreements? -- What are the costs of providing social housing? -- Synthesis: answering the questions in relation to the framework |
| 520 ## - SUMMARY, ETC. | |
| Summary, etc. | Evidence review of research literature on the impact of worsening housing affordability. Addresses demand; demographics; regional variations and construction rates. |
| 521 ## - TARGET AUDIENCE NOTE | |
| Target audience note | Advanced |
| 590 ## - LOCAL NOTE (RLIN) | |
| Local note | KA |
| 650 24 - SUBJECT ADDED ENTRY--TOPICAL TERM | |
| Topical term or geographic name entry element | PLANNING POLICY STATEMENT 3 |
| 650 24 - SUBJECT ADDED ENTRY--TOPICAL TERM | |
| Topical term or geographic name entry element | BARKER REVIEW OF HOUSING SUPPLY: SECURING OUR FUTURE HOUSING NEEDS |
| 650 24 - SUBJECT ADDED ENTRY--TOPICAL TERM | |
| Topical term or geographic name entry element | TOWN AND COUNTRY PLANNING ACT 1990 S106 |
| 650 24 - SUBJECT ADDED ENTRY--TOPICAL TERM | |
| Topical term or geographic name entry element | GREEN PAPER HOMES FOR THE FUTURE: MORE AFFORDABLE, MORE SUSTAINABLE |
| 651 #4 - SUBJECT ADDED ENTRY--GEOGRAPHIC NAME | |
| Geographic name | England and Wales |
| Chronological subdivision | 1543- |
| 690 ## - LOCAL SUBJECT ADDED ENTRY--TOPICAL TERM (OCLC, RLIN) | |
| Topical term or geographic name as entry element | PROPERTY-RESIDENTIAL PROPERTY-RESIDENTIAL PROPERTY MARKET |
| 700 1# - ADDED ENTRY--PERSONAL NAME | |
| Personal name | Monk, Sarah |
| 700 1# - ADDED ENTRY--PERSONAL NAME | |
| Personal name | Burgess, Gemma |
| 700 1# - ADDED ENTRY--PERSONAL NAME | |
| Personal name | Clarke, Anna |
| 700 1# - ADDED ENTRY--PERSONAL NAME | |
| Personal name | Holmans, Alan |
| 856 40 - ELECTRONIC LOCATION AND ACCESS | |
| Uniform Resource Identifier | <a href="https://www.communities.gov.uk/documents/507390/pdf/867696.pdf">https://www.communities.gov.uk/documents/507390/pdf/867696.pdf</a> |
| Public note | View the paper free of charge at www.communities.gov.uk/nhpau |
| 942 ## - ADDED ENTRY ELEMENTS (KOHA) | |
| Suppress in OPAC | 0 |
| Withdrawn status | Lost status | Source of classification or shelving scheme | Damaged status | Not for loan | Home library | Current library | Shelving location | Date acquired | Total Checkouts | Full call number | Barcode | Date last seen | Copy number | Price effective from | Koha item type |
|---|---|---|---|---|---|---|---|---|---|---|---|---|---|---|---|
| Dewey Decimal Classification | Virtual | Virtual | Online | 07/07/2008 | ONLINE PUBLICATION | 144247-1001 | 06/08/2019 | 1 | 06/08/2019 | Book |